Giải phẫu ngực

Tallennettuna:
Bibliografiset tiedot
Päätekijä: Đỗ Xuân Hợp
Aineistotyyppi: Kirja
Kieli:Undetermined
Julkaistu: Hà Nội Y học 1978
Aiheet:
Tagit: Lisää tagi
Ei tageja, Lisää ensimmäinen tagi!
Thư viện lưu trữ: Trung tâm Học liệu Trường Đại học Cần Thơ
LEADER 00514nam a2200181Ia 4500
001 CTU_7222
008 210402s9999 xx 000 0 und d
082 |a 611.94 
082 |b H466 
100 |a Đỗ Xuân Hợp 
245 0 |a Giải phẫu ngực 
245 0 |c Đỗ Xuân Hợp 
260 |a Hà Nội 
260 |b Y học 
260 |c 1978 
650 |a anatomy, human,body, human 
904 |i Nguyễn Quang Điền, 960601 
980 |a Trung tâm Học liệu Trường Đại học Cần Thơ